[Event "ESP-ch Seniors 27th"]
[Site "Santa Susanna"]
[Date "2011.05.17"]
[Round "5"]
[White "Tejero Royo, Fermin"]
[Black "Morales Jodar, Ramon"]
[Result "1/2-1/2"]
[WhiteElo "2101"]
[BlackElo "1839"]
[PlyCount "44"]
[EventDate "2011.05.13"]
[EventType "swiss"]
[EventRounds "9"]
[EventCountry "ESP"]
[SourceTitle "CBM 142 Extra"]
[Source "ChessBase"]
[SourceDate "2011.06.27"]
[SourceVersion "1"]
[SourceVersionDate "2011.06.27"]
[SourceQuality "1"]

1. d4 Nf6 2. c4 c6 3. Nc3 d5 4. e3 Nbd7 5. Nf3 Ne4 6. Qc2 Ndf6 7. Bd3 Nxc3 8. bxc3 e6 9. Ne5 Be7 10. 0-0 Qc7 11. f4 0-0 12. Rf3 Ne4 13. Bxe4 dxe4 14. Qxe4 f5 15. Qc2 Bd6 16. c5 Be7 17. g4 Bf6 18. gxf5 Bxe5 19. fxe5 Rxf5 20. Rxf5 exf5 21. Bd2 Qf7 22. Be1 Be6 1/2-1/2

[Event "ESP-ch Seniors 27th"]
[Site "Santa Susanna"]
[Date "2011.05.13"]
[Round "1"]
[White "Franquet Escriba, Joan"]
[Black "Morales Jodar, Ramon"]
[Result "1-0"]
[WhiteElo "2109"]
[BlackElo "1839"]
[PlyCount "79"]
[EventDate "2011.05.13"]
[EventType "swiss"]
[EventRounds "9"]
[EventCountry "ESP"]
[SourceTitle "CBM 142 Extra"]
[Source "ChessBase"]
[SourceDate "2011.06.27"]
[SourceVersion "1"]
[SourceVersionDate "2011.06.27"]
[SourceQuality "1"]

1. e4 c6 2. Nc3 e6 3. d4 Bb4 4. Bd3 d6 5. Nf3 b6 6. 0-0 Bxc3 7. bxc3 Ba6 8. c4 Ne7 9. Qe2 0-0 10. Re1 Ng6 11. g3 Nd7 12. h4 e5 13. Bb2 Re8 14. Kg2 h5 15. Nh2 Nf6 16. Qd2 Nh7 17. Be2 Nf6 18. Qg5 Nxe4 19. Qxh5 Nf6 20. Qg5 Ne4 21. Qe3 exd4 22. Qxd4 Nf6 23. Ng4 Bb7 24. Nxf6+ gxf6 25. Qg4 Kf8 26. Bd3 c5+ 27. Kf1 Ne5 28. Qh5 Bf3 29. Qh6+ Ke7 30. Qf4 Bh5 31. g4 Bg6 32. g5 Kf8 33. gxf6 Re6 34. Bxg6 fxg6 35. Qh6+ Ke8 36. Bxe5 Rxe5 37. Qxg6+ Kf8 38. Qg7+ Ke8 39. Rxe5+ dxe5 40. Qg8+ 1-0

[Event "Balaguer op 14th"]
[Site "Balaguer"]
[Date "2009.07.15"]
[Round "3"]
[White "Morales Jodar, Ramon"]
[Black "Ferrer Dalmau, Josep Antonio"]
[Result "1/2-1/2"]
[WhiteElo "1893"]
[BlackElo "1825"]
[PlyCount "57"]
[EventDate "2009.07.13"]
[EventType "swiss"]
[EventRounds "10"]
[EventCountry "ESP"]
[SourceTitle "CBM 131 Extra"]
[Source "ChessBase"]
[SourceDate "2009.09.03"]
[SourceVersion "2"]
[SourceVersionDate "2009.09.16"]
[SourceQuality "1"]

1. e4 c5 2. Nf3 Nc6 3. c3 e6 4. d4 cxd4 5. cxd4 a6 6. a3 b5 7. Bd3 Bb7 8. 0-0 d6 9. b4 g6 10. Bb2 Bg7 11. Qe2 Nf6 12. d5 exd5 13. exd5+ Ne7 14. Re1 Bxd5 15. Nbd2 Bxf3 16. Nxf3 Ra7 17. Rac1 0-0 18. h3 Re8 19. Bxf6 Bxf6 20. Qe3 Rd7 21. g4 Kf8 22. Qh6+ Kg8 23. Qf4 Nd5 24. Rxe8+ Qxe8 25. Qd2 Re7 26. Bf1 Qa8 27. Bg2 Be5 28. Nxe5 Rxe5 29. f4 1/2-1/2